অন্ধকূপ হত্যা: (Record no. 31649)

MARC details
000 -LEADER
fixed length control field 00911nam a22002057a 4500
003 - CONTROL NUMBER IDENTIFIER
control field BDDh-ASL
005 - DATE AND TIME OF LATEST TRANSACTION
control field 20231015031309.0
008 - FIXED-LENGTH DATA ELEMENTS--GENERAL INFORMATION
fixed length control field 230403n ii ||||| |||| 00| 0 b d
040 ## - CATALOGING SOURCE
Transcribing agency BDDh-ASL
041 ## - LANGUAGE CODE
Language code of text/sound track or separate title bengali
082 ## - DEWEY DECIMAL CLASSIFICATION NUMBER
Classification number 954
Item number AND
245 00 - TITLE STATEMENT
Title অন্ধকূপ হত্যা:
Remainder of title (বাঙালীর দৃষ্টিতে) /
Statement of responsibility, etc. বারিদবরণ ঘোষ (সংকলন ও সম্পা.)।
246 ## - VARYING FORM OF TITLE
Title proper/short title Andhakoop Haty.
260 ## - PUBLICATION, DISTRIBUTION, ETC.
Place of publication, distribution, etc. কলিকাতা:
Name of publisher, distributor, etc. কলেজস্ট্রীট পাবলিকেশন প্রা: লিমিডেট,
300 ## - PHYSICAL DESCRIPTION
Extent ১৭৩ ‍পৃষ্ঠা:
Dimensions ২১ সে.মি.
650 #0 - SUBJECT ADDED ENTRY--TOPICAL TERM
Topical term or geographic name entry element History of Calcutta (কলকাতার ইতিহাস)
9 (RLIN) 7533
650 #0 - SUBJECT ADDED ENTRY--TOPICAL TERM
Topical term or geographic name entry element অন্ধকূপ হত্যা Andhakoop Hatta
9 (RLIN) 7859
700 1# - ADDED ENTRY--PERSONAL NAME
Personal name ঘোষ, বারিদবরণ
9 (RLIN) 7860
942 ## - ADDED ENTRY ELEMENTS (KOHA)
Source of classification or shelving scheme Dewey Decimal Classification
Koha item type Books
Holdings
Withdrawn status Lost status Source of classification or shelving scheme Damaged status Not for loan Collection code Home library Current library Shelving location Date acquired Source of acquisition Total Checkouts Full call number Barcode Date last seen Copy number Price effective from Koha item type
    Dewey Decimal Classification     Non-fiction Asiatic Society Library Asiatic Society Library General Stacks 04/03/2023 Donated by Professor Husniara Huq - A. K. M. Azizul Haq Collection   954 AND 120360 04/03/2023 C-1 04/03/2023 Books

Powered by Koha